Effective Protection <a> summary appraisal

Guardado en:
Detalles Bibliográficos
Autor principal: Balassa, Bela
Formato: Libro
Lenguaje:inglés
Publicado: Geneva Graduate Institute of International Studies 1971
Etiquetas: Agregar Etiqueta
Sin Etiquetas, Sea el primero en etiquetar este registro!

MARC

LEADER 00000nam a2200000 4500
001 c111692
005 20041019155150.5
041 0 |a eng 
044 |a US 
245 1 0 |a Effective Protection  |b <a> summary appraisal  |c Bela Balassa 
264 1 |a Geneva  |b Graduate Institute of International Studies  |c 1971 
300 |a S. 247-263 
100 1 |a Balassa, Bela